№ 68. Вып. 1 : Сборник работ по гидромеханике и теории упругости; Ученые записки

Λεπτομέρειες βιβλιογραφικής εγγραφής
Parent link:Ученые записки: [сборник статей]/ Томский государственный университет (ТГУ). № 68. Вып. 1 : Сборник работ по гидромеханике и теории упругости.— , 1946-
Άλλοι συγγραφείς: Шваб В. А. (редактор), Назаров Г. И.
Γλώσσα:Ρωσικά
Έκδοση: 1967
Θέματα:
Μορφή: Βιβλίο
KOHA link:https://koha.lib.tpu.ru/cgi-bin/koha/opac-detail.pl?biblionumber=369022

MARC

LEADER 00000nam2a2200000 4500
001 369022
005 20231102012136.0
035 |a (RuTPU)RU\TPU\retro\26404 
035 |a RU\TPU\retro\26402 
090 |a 369022 
100 |a 20220427d1967 k y0rusy50 ca 
101 0 |a rus 
102 |a RU 
105 |a a z 001zy 
200 0 |a № 68. Вып. 1 : Сборник работ по гидромеханике и теории упругости 
210 |d 1967 
215 |a 243 с.  |c ил., карта 
320 |a Библиография в конце статей 
461 1 |0 (RuTPU)RU\TPU\retro\10857  |t Ученые записки  |o [сборник статей]  |f Томский государственный университет (ТГУ)  |v № 68. Вып. 1 : Сборник работ по гидромеханике и теории упругости  |d 1946-   |s Ученые записки Томского государственного университета (ТГУ) 
606 1 |a Университеты  |2 stltpush  |3 (RuTPU)RU\TPU\subj\63052  |9 80100 
606 1 |a Гидромеханика  |2 stltpush  |3 (RuTPU)RU\TPU\subj\6772  |9 34575 
610 1 |a расчеты 
610 1 |a течения 
610 1 |a газ 
610 1 |a ступенчатый метод 
610 1 |a стержни 
610 1 |a вариационное исчисление 
610 1 |a осесимметричное течение 
610 1 |a каналы 
610 1 |a поршни 
610 1 |a решение задач 
610 1 |a течения в трубах 
610 1 |a вихревое течение 
610 1 |a задача Лагранжа 
610 1 |a термоустойчивость 
610 1 |a термоупругость 
610 1 |a сверхзвуковое течение 
610 1 |a винтовые движения жидкости 
610 1 |a трансзвуковые течения 
610 1 |a сопла 
675 |a 8  |v 3 
675 |a 532  |v 3 
686 |a Ч484(2)71  |2 rubbk 
702 1 |a Шваб  |b В. А.  |4 340 
702 1 |a Назаров  |b Г. И.  |4 340 
801 1 |a RU  |b 63413507  |c 20130206 
801 2 |a RU  |b 63413507  |c 20220706  |g RCR 
942 |c BK